| Tag |
First Indicator |
Second Indicator |
Subfields |
| LEADER |
00000cas a2200000Ii 4500 |
| 001 |
in00003598144 |
| 005 |
20151110164049.0 |
| 008 |
110218c19959999txugr s0 0eng d |
| 035 |
|
|
|a (OCoLC)ocn702644322
|
| 040 |
|
|
|a TLGRL
|b eng
|e rda
|c TLGRL
|d IKM
|d OCLCQ
|d OCLCF
|d OCLCO
|
| 035 |
|
|
|a (OCoLC)702644322
|
| 043 |
|
|
|a n-us-tx
|
| 086 |
|
|
|a S1500.3 F49R
|2 txdocs
|
| 049 |
|
|
|a TXAM
|
| 110 |
1 |
|
|a Texas.
|b Sunset Advisory Commission.
|
| 245 |
1 |
0 |
|a Report to the ... Legislature /
|c Texas Sunset Advisory Commission.
|
| 264 |
|
1 |
|a Austin, Texas :
|b Sunset Advisory Commission,
|c 1995-
|
| 300 |
|
|
|a volumes ;
|c 28 cm
|
| 310 |
|
|
|a Biennial
|
| 336 |
|
|
|a text
|b txt
|2 rdacontent
|
| 337 |
|
|
|a unmediated
|b n
|2 rdamedia
|
| 338 |
|
|
|a volume
|b nc
|2 rdacarrier
|
| 362 |
0 |
|
|a 74th (1995)-
|
| 500 |
|
|
|a Continues monograph: Recommendations to the governor of Texas and members of the Seventy-third Legislature. 2003.
|
| 650 |
|
0 |
|a Sunset reviews of government programs
|z Texas
|v Periodicals.
|
| 650 |
|
7 |
|a Sunset reviews of government programs.
|2 fast
|0 (OCoLC)fst01138726
|
| 651 |
|
7 |
|a Texas.
|2 fast
|0 (OCoLC)fst01210336
|
| 655 |
|
7 |
|a Periodicals.
|2 fast
|0 (OCoLC)fst01411641
|
| 856 |
4 |
2 |
|3 Archives
|u http://www.sunset.texas.gov/review-cycles
|t 0
|
| 856 |
4 |
1 |
|3 84th Legislature
|u http://www.sunset.texas.gov/review-cycles/2014-2015-review-cycle
|t 0
|
| 994 |
|
|
|a C0
|b TXA
|
| 948 |
|
|
|a cataloged
|b h
|c 2015/11/10
|d c
|e zprado
|f 04:38:40 pm
|
| 999 |
f |
f |
|s fdbfe611-1657-300a-850b-8c686f0c497b
|i 63f5caee-4a93-3797-8524-668f012f3cc8
|t 0
|
| 952 |
f |
f |
|p normal
|a Texas A&M University
|b College Station
|c Sterling C. Evans Library
|d Evans: Texas Documents (Annex 5th floor)
|t 0
|e S1500.3 F49R
|h Superintendent of Documents classification
|i unmediated -- volume
|k 86th Legislature
|l 2018/2019
|m A14852533356
|
| 952 |
f |
f |
|p normal
|a Texas A&M University
|b College Station
|c Sterling C. Evans Library
|d Evans: Texas Documents (Annex 5th floor)
|t 0
|e S1500.3 F49R
|h Superintendent of Documents classification
|i unmediated -- volume
|k 74th Legislature
|l 1994/1995
|m A14818641508
|
| 952 |
f |
f |
|p normal
|a Texas A&M University
|b College Station
|c Sterling C. Evans Library
|d Evans: Texas Documents (Annex 5th floor)
|t 0
|e S1500.3 F49R
|h Superintendent of Documents classification
|i unmediated -- volume
|k 82nd Legislature
|l 2010/2011
|m A14839355528
|
| 952 |
f |
f |
|p normal
|a Texas A&M University
|b College Station
|c Sterling C. Evans Library
|d Evans: Texas Documents (Annex 5th floor)
|t 0
|e S1500.3 F49R
|h Superintendent of Documents classification
|i unmediated -- volume
|k 79th Legislature
|l 2004/2005
|m A14832452109
|
| 952 |
f |
f |
|p normal
|a Texas A&M University
|b College Station
|c Sterling C. Evans Library
|d Evans: Texas Documents (Annex 5th floor)
|t 0
|e S1500.3 F49R
|h Superintendent of Documents classification
|i unmediated -- volume
|k 76th Legislature
|l 1998/1999
|m A14824449964
|
| 952 |
f |
f |
|a Texas A&M University
|b College Station
|c Electronic Resources
|d Available Online
|t 0
|e S1500.3 F49R
|h Superintendent of Documents classification
|
| 998 |
f |
f |
|a S1500.3 F49R
|t 0
|l Available Online
|
| 998 |
f |
f |
|a S1500.3 F49R
|s 86th Legislature (2018/2019),
|t 0
|l Evans: Texas Documents (Annex 5th floor)
|